000 01928cam a2200169 4500500
005 20260111092204.0
041 _afre
042 _adc
100 1 0 _aWargnies, Philippe
_eauthor
245 0 0 _aVous serez fils du Très-Haut – Luc 6,20-49
260 _c2012.
500 _a59
520 _aLe «discours dans la plaine» de Luc 6,20-49, plus bref que celui «sur la montagne» de Matthieu 5-7, est moins souvent évoqué. Il se présente dans un cadre narratif différent. Sa situation, ses accents spécifiques, sa cohérence et sa vigueur méritent d’être mieux connus. L’article considère le rapport de ce discours avec ce qui le précède. Puis il en commente le déroulement au fil de quatre sections qu’on peut y distinguer. Il souligne leur articulation, ainsi que la portée décisive de l’invitation à imiter notre Père miséricordieux, dans son lien avec la «règle d’or». L’ensemble du texte aide à interpréter cette dernière dans la perspective lucanienne.
520 _aThe «discourse in the plain» from Luke 6,20-49, shorter than that of Matthew (5-7) «on the mountain», is less frequently referred to. It is presented in a different narrative framework. Its position, its specific overtones, its coherence and its vigour deserve to be better known. The article considers the relationship of this discourse with what precedes it. Then it comments on its progress in the course of four sections which may be distinguished within it. The article emphasises their structure as well as the decisive bearing of the invitation to imitate our merciful Father, in its connection with the «golden rule». The totality of the text helps to interpret this rule in Luke’s perspective.
786 0 _nNouvelle revue théologique | 134 | 1 | 2012-01-01 | p. 3-20 | 0029-4845
856 4 1 _uhttps://shs.cairn.info/revue-nouvelle-revue-theologique-2012-1-page-3?lang=fr&redirect-ssocas=7080
999 _c1622976
_d1622976